| 000 | 00883nam a2200193 a 4500 | ||
|---|---|---|---|
| 001 | 000039631 | ||
| 005 | 20201002033641.0 | ||
| 008 | 130712s2002 dr 000 0 spa d | ||
| 040 |
_aDO-SdBNP _bspa _cBNPHU |
||
| 100 | 1 |
_aSánchez Salor, Eustaquio _925541 |
|
| 245 | 1 | 0 |
_aDe las "elegancias" a las "causas" de la lengua / _cEustaquio Sánchez Solor ; presentación José María Maestre Maestre ; prólogo de Luis Gil Fernández _bretórica y gramática del humanismo. |
| 260 |
_aMadrid : _bInstituto de Estudios Humanisticos, _c2002. |
||
| 300 |
_a607 p. ; _c26 cm. |
||
| 490 | 1 |
_aTextos y estudios humanísticos _aestudios _v1 |
|
| 504 | _aIncluye referencias bibliográficas y notas al pie de las páginas | ||
| 700 | 1 |
_aMaestre Maestre, José María _epres. _943470 |
|
| 700 | 1 |
_aGil Fernández, Luis _epról. _965811 |
|
| 830 | 0 |
_aTextos y estudios y humanísticos _aestudios _v1 _965812 |
|
| 999 |
_c39121 _d39121 |
||